Memorias del señor Goldoni, para servir a la historia de su vida y a la de su teatro (Record no. 11742)

MARC details
000 -LEADER
campo de control de longitud fija 00996nam a2200265 i 4500
001 - NÚMERO DE CONTROL
campo de control 11742
003 - IDENTIFICADOR DE NÚMERO DE CONTROL
campo de control ES-MaACL
005 - FECHA Y HORA DE LA ÚLTIMA TRANSACCIÓN
campo de control 20230906150151.0
007 - CAMPO FIJO DE DESCRIPCIÓN FÍSICA--INFORMACIÓN GENERAL
campo de control de longitud fija t|
008 - DATOS DE LONGITUD FIJA--INFORMACIÓN GENERAL
campo de control de longitud fija 940913s1994 sp |||| |aspa j
020 ## - NÚMERO INTERNACIONAL ESTÁNDAR DEL LIBRO
Número Internacional Estándar del Libro 84-87591-42-6
080 ## - NÚMERO DE LA CLASIFICACIÓN DECIMAL UNIVERSAL
Número de la Clasificación Decimal Universal 929 Goldoni, Carlo
080 ## - NÚMERO DE LA CLASIFICACIÓN DECIMAL UNIVERSAL
Número de la Clasificación Decimal Universal 840-94"17"
100 1# - ENTRADA PRINCIPAL--NOMBRE DE PERSONA
Nombre de persona Goldoni, Carlo (
Fechas asociadas al nombre 1707-1793)
9 (RLIN) 57673
245 10 - MENCIÓN DEL TÍTULO
Título Memorias del señor Goldoni, para servir a la historia de su vida y a la de su teatro
Resto del título : dedicadas al Rey /
Mención de responsabilidad, etc. introducción, traducción y notas de Borja Ortiz de Gondra.
260 ## - PUBLICACIÓN, DISTRIBUCIÓN, ETC.
Lugar de publicación, distribución, etc. Madrid :
Nombre del editor, distribuidor, etc. Asociación de Directores de Escena de España,
Fecha de publicación, distribución, etc. D.L. 1994.
300 ## - DESCRIPCIÓN FÍSICA
Extensión 620 p. :
Otras características físicas il. ;
Dimensiones 23 cm.
490 1# - MENCIÓN DE SERIE
Mención de serie Teoría y práctica del teatro ;
Designación de volumen o secuencia n. 3
600 14 - PUNTO DE ACCESO ADICIONAL DE MATERIA--NOMBRE DE PERSONA
Nombre de persona Goldoni, Carlo (
Fechas asociadas al nombre 1707-1793)
9 (RLIN) 57673
700 1# - ENTRADA AGREGADA--NOMBRE PERSONAL
Nombre de persona Ortiz de Gondra, Borja.
9 (RLIN) 87593
710 2# - ENTRADA AGREGADA--NOMBRE DE ENTIDAD CORPORATIVA
Nombre de entidad corporativa o nombre de jurisdicción como elemento de entrada Asociación de Directores de Escena.
9 (RLIN) 159413
830 0# - PUNTO DE ACCESO ADICIONAL DE SERIE-TÍTULO UNIFORME
Título uniforme Teoría y práctica del teatro ;
Designación de volumen o secuencia n. 3
9 (RLIN) 184218
852 ## - LOCALIZACIÓN
Ubicación ES-MaACL
Número de control de estantería L-19039
Holdings
Estatus retirado Estado de pérdida Estado de daño No para préstamo Biblioteca de origen Biblioteca actual Ubicación en estantería Fecha de adquisición Fuente de adquisición Total de préstamos Signatura topográfica completa Código de barras Visto por última vez Precio de reemplazo Tipo de ítem Koha
        Biblioteca del Ateneo de Madrid Biblioteca del Ateneo de Madrid Depósito 2 17/01/2008     L-19039 1011967 23/02/2023 23/02/2023 Libro impreso